Statistics for Title in the Lyrics - Panic! at the Disco #3

Click here to take the quiz!

General Stats

  • This quiz has been taken 39 times
  • The average score is 12 of 15

Answer Stats

Answer% Correct
Promise me a place in your {house} {of} {memories}
93%
Keep your disco, gimme T-Rex, make up sex in the {middle} {of} {a} {breakup}
90%
Shut up and go to bed, she said, "{Viva} {Las} {Vengeance}"
90%
But I can't change into a person I don't wanna be so, ohhh it's {Saturday} {night}
87%
'Cause only gold is hot enough, hot enough, {Fuck} {a} {silver} {lining}
87%
And if you wanna make it through the night, you better say my name like {the} {good}, {the} {bad}, {and} {the} {dirty}
83%
Lil {sugar} {soaker}, breaking my bed
83%
Put another ex on {the} {calendar}, summer's on its death bed
83%
The likes of those of old crows, and oh how the piano knows, {the} {piano} {knows} {something} {I} {don't} {know}
80%
{Ever} {since} {we} {met}, I only shoot up with your perfume
73%
You're the queen, you're the king, {all} {by} {yourself}
70%
{All} {the} {boys} at night, {all} {the} {boys} at night, love her madly
67%
In love, I've always been a {mercenary}, but I never leave my post when the cash runs out
67%
She's got four on the floor, she's waiting to kickstart me, so {stall} {me}
67%
Don't you know there's part of me that longs to go {into} {the} {unknown}
63%

Score Distribution

Percentile by Number Answered

Percent of People with Each Score

Your Score History

You have not taken this quiz